|
|
|
|
| LEADER |
01867cas a2200277 a 4500 |
| 001 |
AALejournalIMF018014 |
| 008 |
230101c9999 xx r poo 0 0eng d |
| 020 |
|
|
|c 5.00 USD
|
| 020 |
|
|
|z 9781484324905
|
| 022 |
|
|
|a 1018-5941
|
| 040 |
|
|
|a BD-DhAAL
|c BD-DhAAL
|
| 100 |
1 |
|
|a Aslan, Goksu.
|
| 245 |
1 |
0 |
|a Inequality in Financial Inclusion and Income Inequality /
|c Goksu Aslan, Corinne Delechat, Monique Newiak, Fan Yang.
|
| 264 |
|
1 |
|a Washington, D.C. :
|b International Monetary Fund,
|c 2017.
|
| 300 |
|
|
|a 1 online resource (32 pages)
|
| 490 |
1 |
|
|a IMF Working Papers
|
| 500 |
|
|
|a <strong>Off-Campus Access:</strong> No User ID or Password Required
|
| 500 |
|
|
|a <strong>On-Campus Access:</strong> No User ID or Password Required
|
| 506 |
|
|
|a Electronic access restricted to authorized BRAC University faculty, staff and students
|
| 520 |
3 |
|
|a We investigate the link between gender inequality in financial inclusion and income inequality, with three contributions to the recent literature. First, using a micro-dataset covering 146,000 individuals in over 140 countries, we construct novel, synthetic indices of the intensity of financial inclusion at the individual and country level. Second, we derive the distribution of individual financial access 'scores' across countries to document a 'Kuznets'-curve in financial inclusion. Third, cross-country regressions confirm that our measure of inequality in financial access is significantly related to income inequality, above and beyond other factors previously highlighted in the literature.
|
| 538 |
|
|
|a Mode of access: Internet
|
| 700 |
1 |
|
|a Delechat, Corinne.
|
| 700 |
1 |
|
|a Newiak, Monique.
|
| 700 |
1 |
|
|a Yang, Fan.
|
| 830 |
|
0 |
|a IMF Working Papers; Working Paper ;
|v No. 2017/236
|
| 856 |
4 |
0 |
|z Full text available on IMF
|u http://elibrary.imf.org/view/journals/001/2017/236/001.2017.issue-236-en.xml
|z IMF e-Library
|